| 000 | 00956nam a2200217 a 4500 | ||
|---|---|---|---|
| 008 | 081020s1999 ||||||||||||||||| || u | ||
| 020 | _a0821345877 | ||
| 050 | _aIBRD(08)TP | ||
| 100 | _aMalik, Waleed Haider | ||
| 245 | 1 | 0 |
_aJudicial challenges in the new millennium: proceedings of the Second Ibero-American Summit of Supreme Courts and Tribunals of Justice _cEdited by Andres Rigo Sureda and Waleed Haider Malik |
| 260 |
_aWashington, D.C. _bWorld Bank _c1999 |
||
| 300 | _axvii, 109p.: ill. | ||
| 350 | _a0.00 | ||
| 490 | _aWorld Bank Technical Papers | ||
| 650 | _aCOURTS--LATIN AMERICA--CONGRESSES | ||
| 650 | _aJUSTICE, ADMINISTRATION OF--LATIN AMERICA--CONGRESSES | ||
| 650 | _aLAW REFOM--LATIN AMERICA--CONGRESSES | ||
| 700 | _aSureda, Andres Riga | ||
| 710 | _aWorld Bank | ||
| 995 |
_D0.00 _FCBU-MAIN LIBRARY (Kitwe) _H1 _I0.00 _M450 _UAVAILABLE _WOct 20, 2008 _ZInternational Publications |
||
| 999 |
_c48519 _d48519 |
||